Market view UK (Record no. 111002)

MARC details
000 -LEADER
fixed length control field 00825cad a22001935a 4500
001 - CONTROL NUMBER
control field L150875
008 - FIXED-LENGTH DATA ELEMENTS--GENERAL INFORMATION
fixed length control field 100908s2010 xxk 000 0 eng d
035 ## - SYSTEM CONTROL NUMBER
System control number (Sirsi) u150875
041 0# - LANGUAGE CODE
Language code of text/sound track or separate title eng
110 2# - MAIN ENTRY--CORPORATE NAME
Corporate name or jurisdiction name as entry element EC Harris
9 (RLIN) 4930
245 00 - TITLE STATEMENT
Title Market view UK
Remainder of title summer 2010, new look for the government, but for the construction industry the pain continues
Medium [electronic resource]
260 ## - PUBLICATION, DISTRIBUTION, ETC.
Place of publication, distribution, etc. [S.l.]
Name of publisher, distributor, etc. ECHarris
Date of publication, distribution, etc. 2010
520 ## - SUMMARY, ETC.
Summary, etc. Forecast and summary of the built asset industry in the UK; infrastructure; regional variation; commodity price rises and input cost inflation.
590 ## - LOCAL NOTE (RLIN)
Local note KA NTK
651 #4 - SUBJECT ADDED ENTRY--GEOGRAPHIC NAME
Geographic name United Kingdom
Chronological subdivision
690 ## - LOCAL SUBJECT ADDED ENTRY--TOPICAL TERM (OCLC, RLIN)
Topical term or geographic name as entry element BUILT ENVIRONMENT-CONSTRUCTION MARKET
856 40 - ELECTRONIC LOCATION AND ACCESS
Uniform Resource Identifier <a href="https://www.echarris.com/PDF/7625_Market%20view_SUMMER%20FINAL.pdf">https://www.echarris.com/PDF/7625_Market%20view_SUMMER%20FINAL.pdf</a>
Public note View the item free of charge at www.echarris.com
942 ## - ADDED ENTRY ELEMENTS (KOHA)
Suppress in OPAC 0
Holdings
Withdrawn status Lost status Source of classification or shelving scheme Damaged status Not for loan Home library Current library Shelving location Date acquired Total Checkouts Full call number Barcode Date last seen Copy number Price effective from Koha item type
    Dewey Decimal Classification     Virtual Virtual Online 08/09/2010   ONLINE PUBLICATION 150875-2001 06/08/2019 1 06/08/2019 Book